One, Two...Not Three III Quiz Stats

Quiz Updated Dec 2, 2017

Challenge
Share
Tweet
Embed
Score 0/41 Timer 13:00
5 Plays Today
% Correct
Fruit
96.6%
Phoenix Brothers
86.8%
Planets
85.6%
Elements
83.8%
Holy Family Members
81.4%
Valentine's Day Gifts
79.7%
Knives
79.4%
English Vocalists
78.2%
Terms for a Failed Product
77.9%
Oceans
77.5%
Clue Rooms
77.4%
Anagrams for 'Meal'
76.7%
Descriptions of 'Guns & Ammo'
76.4%
Letters
75.4%
Congressional Buildings
74.7%
Whales
74.5%
Labrador Retrievers
74%
Places with Sinks
73.8%
Parts of a Submarine
73.5%
Food Companies
72.7%
US Federal Holidays
71.3%
% Correct
Baskets
71.1%
Spanish Names
69%
Fields
67.8%
Parts of Lighter-than-Air Craft
66.8%
Texas Hold 'Em Community Cards
66.3%
Affairs Departments
66%
Picasso's Periods
65.4%
Kinds of Dating
64.9%
Cups
64.4%
Bobs
63.9%
Jefferson ___
62.8%
Models
62.7%
Record Companies
62.6%
People Healed in the Bible
60.8%
Ski Lifts
60.6%
English Premier League
60%
Tables
57.4%
Smiths
54.8%
Seas
43.6%
Military Buildings
41.2%

You're not logged in!

Compare scores with friends on all Sporcle quizzes.
Sign Up with Email
OR
Log In

You Might Also Like...

Show Comments

Extras

Top Quizzes Today


Score Distribution

Your Account Isn't Verified!

In order to create a playlist on Sporcle, you need to verify the email address you used during registration. Go to your Sporcle Settings to finish the process.